| 000 | 00554nam a2200193Ia 4500 | ||
|---|---|---|---|
| 008 | 140626s9999 xx 000 0 und d | ||
| 100 | _aQadir, Ali. | ||
| 245 |
_aTaming terror : _b domestication of the war on terror in the Pakistan media / _c Ali ... [et al.].Qadir |
||
| 260 | _cc2013. | ||
| 300 | _a23 : 6, page 575 | ||
| 440 | _aAsian Journal of Communication | ||
| 521 | _aMC | ||
| 650 | _aContent analysis. | ||
| 650 | _aDomestication. | ||
| 650 | _aGlobalization studies. | ||
| 650 | _aNewspaper. | ||
| 650 | _aPakistan. | ||
| 942 | _cSE | ||
| 999 |
_c121233 _d121233 |
||